| 000 | 00637nam a2200181Ia 4500 | ||
|---|---|---|---|
| 008 | 090630s9999 xx 000 0 und d | ||
| 082 | _b24276 | ||
| 100 | _aगोसावी संजय. | ||
| 245 |
_aनिरोगी आयुष्यासाठी. _cगोसावी संजय. |
||
| 260 | _bआमोद - मुंबई. | ||
| 300 | _a0 | ||
| 600 | _aगोसावी संजय. | ||
| 630 | _aनिरोगी आयुष्यासाठी. | ||
| 655 | _aइतर. | ||
| 700 | _aगोसावी संजय. | ||
| 730 | _aनिरोगी आयुष्यासाठी. | ||
| 942 | _cBOOK | ||
| 999 |
_c276132 _d276132 |
||